000 00582nam a22001697a 4500
005 20231107094422.0
008 231107b |||||||| |||| 00| 0 eng d
020 _a9780409063301
041 _aEnglish
082 _a346.47 WEB
100 _aWebster, GC et al.
_lEnglish
245 _aWebster and Page South African Law of Trade Marks, Unlawful Competition, Company Names and Trading Styles /
_cGC Webster et al.
260 _aDurban :
_bLexisNexis (Pty) Ltd,
_c1997
300 _bx,
_c26 cm.
650 _aLegal practice
_bLaw
942 _cBK
_6ALISON_BN_VRIES
999 _c360
_d360